000 00796nam a2200217Ia 4500
003 OSt
005 20210907115040.0
008 210310s1987 ck gr 000 0 spa d
040 _aCO-JMCR
_cCO-JMCR
041 0 _aspa
082 0 4 _a338.173851 /
_bG934p
_223
100 1 _aGuerra de la Espriella, Antonio,
_eautor
_928038
245 1 3 _aEl pensamiento socio-económico de Fedepalma y algo mas /
_cAntonio Guerra de la Espriella
260 _aBogotá :
_bFedepalma,
_c1987.
300 _a119 páginas ;
_c23 cm.
501 _aCon: notas a pie de página.
650 1 4 _aFederación Nacional de Cultivadores de Palma Africana.
_928040
650 2 4 _aPalma africana
_xAspectos socioeconómicos
_zColombia. Agricultura
_940081
650 2 4 _aAspectos económicos
_zColombia.
_940082
942 _2ddc
_cBK
999 _c12368
_d12368